000 00673cam a22002413a 4500
001 28935
003 PGUSA
005 20140828083627.0
008 090523s2009||||xxu|||||s|||||000 1 eng d
040 _aPGUSA
_beng
042 _adc
050 4 _aPR
100 1 _aHope, Anthony,
_d1863-1933
245 1 0 _aCaptain Dieppe
_h[electronic resource] /
_cAnthony Hope
260 _bProject Gutenberg,
_c2009
506 _aPublic domain in the USA.
516 _aElectronic text
653 _aMistaken identity -- Fiction
653 _aSoldiers of fortune -- Fiction
830 0 _aProject Gutenberg
_v28935
856 4 0 _uhttp://www.gutenberg.org/ebooks/28935
942 _cEB
999 _c258190
_d258190